| 000 | 00554pam a2200205 a 4500 | ||
|---|---|---|---|
| 001 | 4679703 | ||
| 005 | 20250115093800.0 | ||
| 008 | 811015s1982 nyua b 001 0 eng | ||
| 020 |
_a0399506225 : _c$7.95 |
||
| 050 | 0 | 0 |
_aQP376 _b.B6958 1982b |
| 082 | 0 | 0 |
_a612/.82 _219 |
| 245 | 0 | 4 |
_aThe Brain : _ba user's manual / _cthe Diagram Group. |
| 260 |
_aNew York : _bPutnam, _cc1982. |
||
| 300 |
_a191 p. : _bill. ; _c28 cm. |
||
| 500 | _a"A Perigee book." | ||
| 500 | _aIncludes index. | ||
| 650 | 0 | _aBrain. | |
| 710 | 2 | _aDiagram Group. | |
| 942 |
_2lcc _cBK _n0 |
||
| 999 |
_c2544 _d2544 |
||